<?xml version="1.0" encoding="UTF-8"?>
<record
    xmlns:xsi="http://www.w3.org/2001/XMLSchema-instance"
    xsi:schemaLocation="http://www.loc.gov/MARC21/slim http://www.loc.gov/standards/marcxml/schema/MARC21slim.xsd"
    xmlns="http://www.loc.gov/MARC21/slim">

  <leader>02250nam a22002417a 4500</leader>
  <controlfield tag="001">3620</controlfield>
  <controlfield tag="003">FISKH</controlfield>
  <controlfield tag="005">20240329141416.0</controlfield>
  <controlfield tag="008">240328b        cb ||||| |||| 00| 0 eng d</controlfield>
  <datafield tag="040" ind1=" " ind2=" ">
    <subfield code="a">FISKH</subfield>
    <subfield code="b">khr </subfield>
    <subfield code="c">FISKH</subfield>
    <subfield code="d">FISKH</subfield>
  </datafield>
  <datafield tag="050" ind1=" " ind2=" ">
    <subfield code="a">PZ7</subfield>
  </datafield>
  <datafield tag="082" ind1=" " ind2=" ">
    <subfield code="a">808.14</subfield>
  </datafield>
  <datafield tag="100" ind1=" " ind2=" ">
    <subfield code="a">Nat, Choun </subfield>
  </datafield>
  <datafield tag="245" ind1=" " ind2=" ">
    <subfield code="a">&#x1785;&#x17D2;&#x1794;&#x17B6;&#x1794;&#x17CB;&#x1795;&#x17D2;&#x179F;&#x17C1;&#x1784;&#x17D7; /</subfield>
    <subfield code="c">&#x1785;&#x1798;&#x17D2;&#x179B;&#x1784;&#x1785;&#x17C1;&#x1789;&#x17A2;&#x17C6;&#x1796;&#x17B8;&#x179F;&#x17B6;&#x179F;&#x17D2;&#x178F;&#x17D2;&#x179A;&#x17B6;&#x179F;&#x17D2;&#x179B;&#x17B9;&#x1780;&#x179A;&#x17B9;&#x178F; </subfield>
  </datafield>
  <datafield tag="260" ind1=" " ind2=" ">
    <subfield code="a">&#x1797;&#x17D2;&#x1793;&#x17C6;&#x1796;&#x17C1;&#x1789; : </subfield>
    <subfield code="b">&#x1780;&#x17B6;&#x179A;&#x1795;&#x17D2;&#x179F;&#x17B6;&#x1799;&#x179A;&#x1794;&#x179F;&#x17CB; &#x179F;&#x1798;&#x17B6;&#x1782;&#x1798; &#x179F;&#x1798;&#x17D2;&#x178A;&#x17C1;&#x1785; &#x1787;&#x17BD;&#x1793; &#x178E;&#x17B6;&#x178F;&#x200B;,</subfield>
    <subfield code="c">1974. </subfield>
  </datafield>
  <datafield tag="300" ind1=" " ind2=" ">
    <subfield code="a">118 pages : </subfield>
    <subfield code="c">21 cm </subfield>
  </datafield>
  <datafield tag="520" ind1=" " ind2=" ">
    <subfield code="a">&#x179B;&#x17BE;&#x1780;&#x17A1;&#x17BE;&#x1784;&#x17A2;&#x17C6;&#x1796;&#x17B8;&#x1794;&#x17D2;&#x179A;&#x1797;&#x1796;&#x1793;&#x17C3;&#x1780;&#x17B6;&#x179A;&#x179F;&#x17C5;&#x17A0;&#x17D2;&#x1798;&#x1784;&#x1791;&#x17B6;&#x17C6;&#x1784; &#x17E3; &#x1799;&#x17CB;&#x17B6;&#x1784;&#x178A;&#x17C2;&#x179B;&#x179B;&#x17C4;&#x1780;&#x17A0;&#x17C5;&#x1790;&#x17B6;&#x1797;&#x17D2;&#x1793;&#x1780;&#x17CB;&#x1797;&#x17D2;&#x179B;&#x17BE;&#x1784;&#x1791;&#x17B6;&#x17C6;&#x1784; &#x17E3; &#x1782;&#x17BA; &#x17E1; &#x1799;&#x1780;&#x179A;&#x17BF;&#x1784;&#x1798;&#x17B7;&#x1793;&#x179B;&#x17D2;&#x17A2;&#x1796;&#x17B8;&#x1780;&#x17D2;&#x179A;&#x17C5;&#x1798;&#x1780;&#x178A;&#x17BB;&#x178F;&#x17A2;&#x17C4;&#x1799;&#x1786;&#x17C1;&#x17C7; &#x179F;&#x1793;&#x17D2;&#x1792;&#x17C4;&#x179A;&#x179F;&#x1793;&#x17D2;&#x17A2;&#x17C5;&#x1793;&#x17C5;&#x1780;&#x17D2;&#x1793;&#x17BB;&#x1784;&#x1795;&#x17D2;&#x1791;&#x17C7; &#x179A;&#x17BA;&#x1780;&#x17CF;&#x1799;&#x1780;&#x179A;&#x17BF;&#x1784;&#x1781;&#x17B6;&#x1784;&#x1780;&#x17D2;&#x1793;&#x17BB;&#x1784;&#x1795;&#x17D2;&#x1791;&#x17C7;&#x1791;&#x17C5;&#x17A2;&#x17BB;&#x1787;&#x1794;&#x1784;&#x17D2;&#x1780;&#x17B6;&#x178F;&#x17CB;&#x17A2;&#x17C4;&#x1799;&#x1786;&#x17C1;&#x17C7;&#x1793;&#x17C5;&#x1781;&#x17B6;&#x1784;&#x1780;&#x17D2;&#x179A;&#x17C5;&#x17D4; &#x1791;&#x17C5;&#x17E2; &#x1782;&#x17BA; &#x1780;&#x17B6;&#x179A;&#x1794;&#x17D2;&#x179A;&#x17BE;&#x1796;&#x17B6;&#x1780;&#x17D2;&#x1799;&#x1796;&#x17C1;&#x1785;&#x1793;&#x17CD;&#x1798;&#x17B7;&#x1793;&#x1782;&#x17BD;&#x179A;&#x1782;&#x1794;&#x17D2;&#x1794;&#x17B8;&#x1785;&#x17C6;&#x1796;&#x17C4;&#x17C7;&#x1798;&#x17B6;&#x178F;&#x17B6;&#x1794;&#x17B7;&#x178F;&#x17B6; &#x1793;&#x17B7;&#x1784;&#x1780;&#x17B6;&#x179A;&#x1798;&#x17B7;&#x1793;&#x179A;&#x179C;&#x179B;&#x17CB;&#x1789;&#x17B7;&#x1780;&#x1789;&#x17C9;&#x17BB;&#x1780;&#x1780;&#x17D2;&#x1793;&#x17BB;&#x1784;&#x1780;&#x17B6;&#x179A;&#x1795;&#x17D2;&#x1782;&#x17B6;&#x1794;&#x17CB;&#x1785;&#x17C6;&#x178E;&#x17B8;&#x17A2;&#x17B6;&#x17A0;&#x17B6;&#x178A;&#x179B;&#x17CB;&#x17AA;&#x1796;&#x17BB;&#x1780;&#x1798;&#x17D2;&#x178A;&#x17B6;&#x1799; &#x1793;&#x17B7;&#x1784;&#x1794;&#x17D2;&#x178A;&#x17B8;&#x17D4; &#x1791;&#x17B8;&#x17E3; &#x1798;&#x17B7;&#x1793;&#x178F;&#x17D2;&#x179A;&#x17BC;&#x179C;&#x1792;&#x17D2;&#x179C;&#x17BE;&#x17A2;&#x17C4;&#x1799;&#x179F;&#x17D2;&#x179C;&#x17B6;&#x1798;&#x17B8;&#x1798;&#x17B6;&#x1793;&#x1780;&#x17B6;&#x179A;&#x17A2;&#x17B6;&#x1780;&#x17CB;&#x17A2;&#x1793;&#x17CB;&#x179F;&#x17D2;&#x179A;&#x1796;&#x1793;&#x17CB;&#x1785;&#x17B7;&#x178F;&#x17D2;&#x178F; &#x1793;&#x17C5;&#x1780;&#x17D2;&#x1793;&#x17BB;&#x1784;&#x1780;&#x17B6;&#x179A;&#x179A;&#x17BD;&#x1798;&#x179A;&#x17D0;&#x1780;&#x17D2;&#x179F;&#x1787;&#x17B6;&#x1798;&#x17BD;&#x1799;&#x1782;&#x17D2;&#x1793;&#x17B6;&#x17A1;&#x17BE;&#x1799;&#x17D4; </subfield>
  </datafield>
  <datafield tag="520" ind1=" " ind2=" ">
    <subfield code="a">Mention the source of the three defilements that he called the three flames: one takes the bad things from the outside and burns them in the house, or takes the things inside the house to make them burn outside. Two is the use of inappropriate words to parents and give them enough and husbands. Third, do not make your husband dissatisfied with having sex with each other.</subfield>
  </datafield>
  <datafield tag="650" ind1=" " ind2=" ">
    <subfield code="a">&#x1780;&#x17C6;&#x178E;&#x17B6;&#x1796;&#x17D2;&#x1799; </subfield>
    <subfield code="x">&#x1780;&#x17B6;&#x179A;&#x17A2;&#x1794;&#x17CB;&#x179A;&#x17C6;&#x1798;&#x1793;&#x17BB;&#x179F;&#x17D2;&#x179F;</subfield>
  </datafield>
  <datafield tag="650" ind1=" " ind2=" ">
    <subfield code="a">Poem </subfield>
    <subfield code="x">Educated people </subfield>
  </datafield>
  <datafield tag="942" ind1=" " ind2=" ">
    <subfield code="2">ddc</subfield>
    <subfield code="c">KHB</subfield>
    <subfield code="n">0</subfield>
  </datafield>
  <datafield tag="999" ind1=" " ind2=" ">
    <subfield code="c">3620</subfield>
    <subfield code="d">3620</subfield>
  </datafield>
  <datafield tag="952" ind1=" " ind2=" ">
    <subfield code="0">0</subfield>
    <subfield code="1">0</subfield>
    <subfield code="2">ddc</subfield>
    <subfield code="4">0</subfield>
    <subfield code="7">0</subfield>
    <subfield code="8">REF</subfield>
    <subfield code="a">001</subfield>
    <subfield code="b">001</subfield>
    <subfield code="c">OKHR</subfield>
    <subfield code="d">2024-03-28</subfield>
    <subfield code="l">0</subfield>
    <subfield code="o">NAT 808.14 PZ7  </subfield>
    <subfield code="p">FISTK03523</subfield>
    <subfield code="r">2024-03-28 13:53:13</subfield>
    <subfield code="t">1</subfield>
    <subfield code="w">2024-03-28</subfield>
    <subfield code="y">KHB</subfield>
  </datafield>
  <datafield tag="952" ind1=" " ind2=" ">
    <subfield code="0">0</subfield>
    <subfield code="1">0</subfield>
    <subfield code="2">ddc</subfield>
    <subfield code="4">0</subfield>
    <subfield code="7">0</subfield>
    <subfield code="8">REF</subfield>
    <subfield code="a">001</subfield>
    <subfield code="b">001</subfield>
    <subfield code="c">OKHR</subfield>
    <subfield code="d">2024-03-28</subfield>
    <subfield code="l">1</subfield>
    <subfield code="o">NAT 808.14 PZ7  </subfield>
    <subfield code="p">FISTK03522</subfield>
    <subfield code="r">2026-04-01 09:21:29</subfield>
    <subfield code="s">2026-03-02</subfield>
    <subfield code="t">2</subfield>
    <subfield code="w">2024-03-28</subfield>
    <subfield code="y">KHB</subfield>
  </datafield>
  <datafield tag="952" ind1=" " ind2=" ">
    <subfield code="0">0</subfield>
    <subfield code="1">0</subfield>
    <subfield code="2">ddc</subfield>
    <subfield code="4">0</subfield>
    <subfield code="7">0</subfield>
    <subfield code="8">REF</subfield>
    <subfield code="a">002</subfield>
    <subfield code="b">002</subfield>
    <subfield code="c">SKB</subfield>
    <subfield code="d">2024-03-28</subfield>
    <subfield code="l">0</subfield>
    <subfield code="o">NAT 808.14 PZ7  </subfield>
    <subfield code="p">FIS03873</subfield>
    <subfield code="r">2024-09-20 14:02:23</subfield>
    <subfield code="t">3</subfield>
    <subfield code="w">2024-03-28</subfield>
    <subfield code="y">KHB</subfield>
  </datafield>
  <datafield tag="952" ind1=" " ind2=" ">
    <subfield code="0">0</subfield>
    <subfield code="1">0</subfield>
    <subfield code="2">ddc</subfield>
    <subfield code="4">0</subfield>
    <subfield code="7">0</subfield>
    <subfield code="8">REF</subfield>
    <subfield code="a">002</subfield>
    <subfield code="b">002</subfield>
    <subfield code="c">SKB</subfield>
    <subfield code="d">2024-03-28</subfield>
    <subfield code="l">0</subfield>
    <subfield code="o">NAT 808.14 PZ7  </subfield>
    <subfield code="p">FIS03905</subfield>
    <subfield code="r">2025-03-10 12:32:08</subfield>
    <subfield code="t">4</subfield>
    <subfield code="w">2024-03-28</subfield>
    <subfield code="y">KHB</subfield>
  </datafield>
</record>
